=LDR 00000nam 2200000 4500 =001 000704 =005 20250711030334 =035 ##$$a 0010-0725000572 =007 ta =008 250711################a##########0#ind## =020 ##$$a 978-623-307-406-3 =082 ##$$a 398.209 598 =084 ##$$a 398.209 598 ANN k =100 #$$a Annaya anuradha =245 1#$$a Kisah sapi pintar yang angkuh dan kereta api kecil /$c Anuradha annaya =250 ##$$a Cetakan pertama =260 ##$$a Rawamangun :$b Badan pengembangan dan pusat bahasa,$c 2022 =300 ##$$a 20 hlm. : $b Ilus. ; $c 21 cm. =650 #4$$a Cerita anak indonesia-terjemahan =650 #4$$a Literasi-bahan bacaan =990 ##$$a TBM04780478